Assessment of the structural funds implementation in Slovak republic focusing on implementation process in transport field

Hodnotenie operačného programu "Basic Infrastructure" 2004-2006 a OP "Transport" 2007-2013. Ciele a vlastnosti OP "Integrated infrastructure" 2014-2020.

Salvato in:
Dettagli Bibliografici
Autore principale: Šprochová, Lenka
Altri autori: Nebeský, Ľubomír
Natura: Capitolo di libro
Lingua:inglese
Soggetti:
Tags: Aggiungi Tag
Nessun Tag, puoi essere il primo ad aggiungerne!!

MARC

LEADER 00000nla a2200000 4500
001 0197324
005 20240502073333.4
041 0 |a eng 
044 |a SK 
245 1 0 |a Assessment of the structural funds implementation in Slovak republic focusing on implementation process in transport field  |c Lenka Šprochová, Ľubomír Nebeský 
520 |a Hodnotenie operačného programu "Basic Infrastructure" 2004-2006 a OP "Transport" 2007-2013. Ciele a vlastnosti OP "Integrated infrastructure" 2014-2020. 
610 2 0 |a programy operačné 
610 2 0 |a doprava 
610 2 0 |a infraštruktúra 
610 2 0 |a fondy Európskej únie 
610 2 0 |a fondy štruktúrne 
100 1 |a Šprochová, Lenka 
700 1 |a Nebeský, Ľubomír